000
00255nam a22001217a 4500
008
181106b xxu||||| |||| 00| 0 eng d
041
_a
eng
080
_2
3rd
_a
616
100
_a
9
101
_a
PAT
245
_a
Pathology
_c
Robbins,S.L
942
_2
udc
_c
BK
999
_c
51941
_d
51941